| 000 | 00926cam a2200205 4500 | ||
|---|---|---|---|
| 001 | WB3920-07 | ||
| 008 | 030529n2003 000 0 eng u | ||
| 035 | _a(Sirsi) u122451 | ||
| 245 | _aGreen space benefits urban economy | ||
| 260 | _c2003 | ||
| 490 |
_aRegeneration and Renewal _v23 May 2003,12(1) |
||
| 520 | _aResearch by the National Urban Forestry Unit has demonstrated that green spaces bring tangible economic benefits to the urban economy despite being expensive to maintain. A case study using CITYGreen software indicates that trees are highly effective at dealing with storm water run-off and heat trapping. Further information is available at http://www.nufu.org.uk/public.php. | ||
| 590 | _aWB | ||
| 650 | _aURBAN ECONOMICS | ||
| 650 | _aURBAN FORESTRY | ||
| 650 | _aURBAN ENVIRONMENT | ||
| 650 | _aGREEN SPACES | ||
| 690 | _aENVIRONMENTAL AND LAND CONSULTANCY-ENVIRONMENTAL MANAGEMENT | ||
| 942 | _n0 | ||
| 999 |
_c72777 _d72777 |
||